Bài giảng môn thiết bị xử lý nước và chất thải

Bài giảng gồm 7 chương trình bày: Bơm chất lỏng, quạt, máy nén khí, thiết bị thông gió, thiết bị hút khí thải cục bộ, thiết bị lọc khí bụi và làm sạch khí thải khỏi khí độc hại.

Na minha lista:
Detalhes bibliográficos
Formato: Livro
Idioma:Undetermined
Publicado em: Cần Thơ Trường Đại học Cần Thơ
Assuntos:
Tags: Adicionar Tag
Sem tags, seja o primeiro a adicionar uma tag!
Thư viện lưu trữ: Trung tâm Học liệu Trường Đại học Cần Thơ
LEADER 00874nam a2200169Ia 4500
001 CTU_143178
008 210402s9999 xx 000 0 und d
082 |a 628.4 
082 |b B103 
245 0 |a Bài giảng môn thiết bị xử lý nước và chất thải 
260 |a Cần Thơ 
260 |b Trường Đại học Cần Thơ 
520 |a Bài giảng gồm 7 chương trình bày: Bơm chất lỏng, quạt, máy nén khí, thiết bị thông gió, thiết bị hút khí thải cục bộ, thiết bị lọc khí bụi và làm sạch khí thải khỏi khí độc hại. 
650 |a Waste technology,Sewerage,Xử lý chất thải,Hệ thống cấp nước 
650 |x Purification,Tinh chế 
904 |i Trọng Hải 
980 |a Trung tâm Học liệu Trường Đại học Cần Thơ